Normal view MARC view

Entry Personal Name

Number of records used in: 1

001 - CONTROL NUMBER

  • control field: 75392

003 - CONTROL NUMBER IDENTIFIER

  • control field: dpl

005 - DATE AND TIME OF LATEST TRANSACTION

  • control field: 20241218144221.0

008 - FIXED-LENGTH DATA ELEMENTS

  • fixed length control field: 241218|| aca||aabn | a|a d

040 ## - CATALOGING SOURCE

  • Original cataloging agency: dpl
  • Transcribing agency: dpl

100 ## - HEADING--PERSONAL NAME

  • Personal name: दीक्षित, सुधीर

670 ## - SOURCE DATA FOUND

  • Source citation: Work cat.: (dpl)207808: दीक्षित, सुधीर, चाणक्य नीति/, 2023

© Delhi Public Library
Hit Counter
free hit counter